[Event "Lusaka zt 4.5"]
[Site "Lusaka"]
[Date "2024.08.16"]
[Round "9"]
[White "Makanga, Kusanta"]
[Black "Chabala, Efford"]
[Result "1-0"]
[WhiteElo "1964"]
[BlackElo "1946"]
[PlyCount "87"]
[EventDate "2024.08.12"]
[EventType "swiss"]
[EventRounds "9"]
[EventCountry "ZAM"]
[SourceTitle "CBM 221 Extra"]
[Source "ChessBase"]
[SourceDate "2024.09.30"]
[SourceVersion "1"]
[SourceVersionDate "2024.09.30"]
[SourceQuality "1"]

1. d4 d5 2. Nf3 Nf6 3. Bf4 e6 4. c4 Be7 5. e3 0-0 6. Nc3 a6 7. a4 c5 8. dxc5 dxc4 9. Bd6 Nbd7 10. Bxe7 Qxe7 11. Qd6 Re8 12. Qxe7 Rxe7 13. c6 bxc6 14. Bxc4 Rb8 15. 0-0-0 Bb7 16. Rd2 Nb6 17. Ne5 Nbd5 18. Rhd1 g6 19. Nd3 Nxc3 20. bxc3 Ne4 21. Rc2 c5 22. f3 Nd6 23. Ba2 Nf5 24. Re2 Rc7 25. e4 Ne7 26. Ne5 Nc6 27. Nd7 Rbc8 28. Nxc5 Na5 29. Nxe6 Rxc3+ 30. Kb2 fxe6 31. Bxe6+ Kh8 32. Bxc8 Rxc8 33. Rc2 Rb8 34. Ka3 Nc6 35. Rb1 Nd8 36. Rc7 a5 37. Rd7 h5 38. e5 Rc8 39. Rbd1 Nc6 40. Rxb7 Nxe5 41. Rd5 Nc4+ 42. Kb3 Ne3 43. Rxa5 Nf5 44. Rxf5 1-0

[Event "Lusaka zt 4.5"]
[Site "Lusaka"]
[Date "2024.08.15"]
[Round "6"]
[White "Chabala, Efford"]
[Black "Sichone, Alinaswe"]
[Result "0-1"]
[WhiteElo "1946"]
[BlackElo "1976"]
[PlyCount "92"]
[EventDate "2024.08.12"]
[EventType "swiss"]
[EventRounds "9"]
[EventCountry "ZAM"]
[SourceTitle "CBM 221 Extra"]
[Source "ChessBase"]
[SourceDate "2024.09.30"]
[SourceVersion "1"]
[SourceVersionDate "2024.09.30"]
[SourceQuality "1"]

1. Nf3 f5 2. g3 Nf6 3. Bg2 g6 4. 0-0 Bg7 5. c4 0-0 6. Nc3 d6 7. d4 Nc6 8. d5 Ne5 9. Nxe5 dxe5 10. e4 f4 11. f3 g5 12. g4 Bd7 13. Qe2 h5 14. h3 Qc8 15. b3 Kf7 16. Kf2 Rh8 17. Rh1 hxg4 18. hxg4 Rxh1 19. Bxh1 Qh8 20. Kg1 Qh4 21. Qf2 Qh6 22. Bd2 Rh8 23. Bg2 Qh2+ 24. Kf1 Bxg4 25. Ke2 Bxf3+ 26. Bxf3 g4 27. Bh1 f3+ 28. Bxf3 gxf3+ 29. Kxf3 Qxf2+ 30. Kxf2 Rh2+ 31. Kf3 Rxd2 32. Nb5 Bh6 33. Nxc7 Rd3+ 34. Kg2 Nxe4 35. Rf1+ Bf4 36. Ne6 Rg3+ 37. Kh1 Rg4 38. Rf3 Ng5 39. Nxg5+ Rxg5 40. a3 Kf6 41. c5 Rg8 42. b4 Kf5 43. Rh3 e4 44. Rh7 e3 45. Rf7+ Ke4 46. Rxe7+ Be5 0-1